| 000 | 02374ncm0a2200397 4500 | ||
|---|---|---|---|
| 001 | RU\NLR\ONIZ\198255 | ||
| 005 | 20250624194737.0 | ||
| 035 | _a(NLR Aleph) 010888875 | ||
| 071 | 2 | 0 | _aс 2277 к |
| 090 |
_a10540941 _c10540941 |
||
| 100 | _a20140530d1997 |||y0rusy50 ca | ||
| 101 | 0 |
_aeng _arus |
|
| 102 | _aRU | ||
| 125 | _aax | ||
| 145 | 0 | _ab | |
| 200 | 1 |
_aПетербургские видения _bНоты _e[для симф. орк.] _dPetersburg's visions _fС. Слонимский _zeng |
|
| 208 | _aПартитура | ||
| 210 |
_aСанкт-Петербург _cКомпозитор - Санкт-Петербург _d1997 |
||
| 215 |
_a39 с. _d30 см |
||
| 300 | _aНа тит. л.: Юрию Темирканову | ||
| 313 | _aСистематизация документа проведена по изданию - Методика классифицирования музыкальных произведений (нотных изданий) по таблицам Библиотечно-библиографических классификаций : метод. рекомендации / Гос. б-ка СССР им. В.И. Ленина.- М., 1977. Индексу ББК методических рекомендаций присваивается код ББК для научных библиотек - LBC/SL | ||
| 604 |
_1700#1$aДостоевский$gФедор Михайлович$bФ.М.$f1821-1881$3RU\NLR\AUTH\77838 _150010$aБелые ночи$xМузыкальные интерпретации$xНоты _aДостоевский, Федор Михайлович (1821-1881) _tБелые ночи _xНоты _9110876 _3RU\NLR\AUTH\77838 |
||
| 686 |
_aЩ951.11-059(2Р=Р)ПНн _vLBC/SL _2rubbk |
||
| 700 | 1 |
_4230 _7ca _8rus _aСлонимский _bС. М. _f1932-2020 _gСергей Михайлович _9269629 _3RU\NLR\AUTH\770269685 |
|
| 702 | 1 |
_9z02790 _aТемирканов _bЮ. Х. _f1938- _gЮрий Хатуевич _4280 |
|
| 790 | 1 |
_9z01700 _aSlonimskij _bS. M. _f1932- _gSergej Mihajlovich _4230 _7ba |
|
| 790 | 1 |
_9z02702 _aTemirkanov _bYu. _f1938- _gYuri _4280 |
|
| 801 | 0 |
_aRU _bNLR _c20140530 _gPSBO |
|
| 801 | 1 |
_aRU _bNLR _c20140530 _2rusmarc |
|
| 801 | 2 |
_aRU _bNLR _c20171206 |
|
| 852 |
_aNLR _bМ _jК-3/26328 _p278827 _t1 |
||
| 852 |
_aNLR _bМ _jК-3/26328а _p259386 _t2 |
||
| 942 | _cSCORE | ||
| 980 | _aNB | ||
| 980 | _aONIZ | ||